000
00257nam a2200109 4500
001
3564
090
_a
3564
100
_a
20190723b u||y0fre||u0ba y50
200
_a
Quel Noël ?
_b
Périodique
_e
Actions Noël
210
_a
Neuchatel
801
_a
CH
_b
CH-002049-8
955
_r
1973: décembre